| 000 | 01589nam a2200505 a 4500 | ||
|---|---|---|---|
| 001 | 20670 | ||
| 003 | VRT | ||
| 005 | 20260128151107.0 | ||
| 008 | 090318s2008 xo g f 000 0 slo d | ||
| 015 | _aSNBA2009/02-00588 | ||
| 020 | _a9788096969036 (brož.) | ||
| 035 | _a(VRT)vtls009465515 | ||
| 039 | 9 |
_a200906231010 _bmato _c200906101414 _dargo _c200903180804 _dedita |
|
| 040 |
_aSNK _bslo _cUKB _eAACR2 |
||
| 041 | 1 |
_aslo _hslv |
|
| 044 |
_axo _cSK |
||
| 072 | 7 |
_a641 _xKuchárstvo. Potraviny. Varené jedlá _2konspekt |
|
| 080 |
_a641.561 _22001 |
||
| 080 |
_a(083.12) _22001 |
||
| 080 |
_a(035) _22001 |
||
| 100 | 1 | _aHrobat, Breda | |
| 240 | 1 | 0 |
_a90-dnevna ločevalna dieta. _lSlovensky |
| 245 | 1 | 0 |
_a90-dňová rozlišovacia diéta _bchutné jedlá na 90 dní _cBreda Hrobat, Mojca Poljanšek ; [zo slovinského originálu preložila a upravila Marianna Lesič] |
| 246 | 3 | _aDeväťdesiatdňová rozlišovacia diéta | |
| 250 | _a4. vyd. | ||
| 260 |
_aBratislava _bTrysk _c2008 |
||
| 300 | _a91 s. | ||
| 500 | _aNázov z obalu | ||
| 650 | 0 | 7 |
_arozlišovacia diéta _2UKBPH |
| 650 | 0 | 7 |
_aredukčné diéty _2SNKPH |
| 653 | _a641.561 | ||
| 653 | _a(083.12) | ||
| 653 | _a(035) | ||
| 655 | 7 |
_akuchárske recepty _2SNKPH |
|
| 655 | 7 |
_apríručky _2SNKPH |
|
| 700 | 1 |
_aPoljanšek, Mojca _4aut |
|
| 700 | 1 |
_aLesič, Marianna _4trl |
|
| 910 | _asnk | ||
| 910 | _aukb | ||
| 942 |
_2ddc _cOLDO _n0 |
||
| 949 |
_61800413667 _aSL.D.71018 _bPV.2733-2009 |
||
| 949 |
_61800413668 _aSK.D.39771 _bPV.2734-2009 _s6707:20090702 |
||
| 980 | _a641.55:641.561 | ||
| 980 | _a641.561 | ||
| 999 |
_c20670 _d20670 |
||